000 00444nam a22001697a 4500
003 UA-OsUOA
001 6064
007 ta
008 20050721b un ||||| |||| 00| 0 ukr d
100 _aЛисенко
700 _aО. С.
942 _cBK
040 _aUA-OsUOA
_cUA-OsUOA
_dUA-OsUOA
245 _a"Не Медея" Ю. Тарнавського і "Медея" Еврепіда: ...
_bBA Paper
955 _a2
650 7 _2UDC
999 _c292226
_d292226